| 000 | 006230000a22001930004500 | ||
|---|---|---|---|
| 001 | 768714001 | ||
| 003 | CO-MdFUSB | ||
| 005 | 20170614121710.0 | ||
| 008 | 170614s2010 cr ||||| |||| 00| 0 s d | ||
| 040 |
_aCO-MdFUSB _bpor _cCO-MdFUSB _dCO-MdFUSB |
||
| 041 | _aspa | ||
| 100 | 1 |
_aVeith, Gene Edward _eautor |
|
| 245 | 1 | 0 | _aLos campos en que realizamos nuestras vocaciones. |
| 300 |
_aVolumen 12. Número 1 (2010), Páginas 40-45 _c21 cm. |
||
| 546 | _aTexto en español | ||
| 650 | 1 | 4 | _aSERVICIO |
| 773 | 0 |
_tRevista Reforma Siglo 21 _049443 _960190 _gVolumen 12. Número 1 (2010), Páginas 40-45 _qPágina 40 |
|
| 942 | _cANA | ||
| 999 |
_c63369 _d63369 |
||